000 00997 a2200217 4500
003 Nust
005 20221116132437.0
010 _a 75020010
020 _a0070066906
040 _cNust
082 0 0 _a621.3743,TOD
100 1 _aTodd, Carl David.
_9102697
245 1 4 _aThe potentiometer handbook :
_busers' guide to cost-effective applications /
_cwritten for Bourns, inc. by Carl David Todd ; associate editors, W. T. Hardison, W. E. Galvan.
260 _aNew York :
_bMcGraw-Hill,
_c[1975]
300 _axv, 300 p. :
_bill. ;
_c27 cm.
505 _aIntroduction to Potentiometers (Page-1), Electrical Parameters (Page-17), Application Fundamentals (Page-51), Application as a Circuit Adjustment Device (Page-77), Application as a Control Device (Page-97), Application as a Precision Device (Page-115).
650 0 _aElectric resistors
_xHandbooks, manuals, etc.
_9102698
650 0 _aPotentiometer
_xHandbooks, manuals, etc.
_9102699
710 2 _aBourns, inc.
_9102700
942 _2ddc
_cBK
999 _c181039
_d181039